[Event "III Weekend Accademia"]
[Site "Roma ITA"]
[Date "1998.??.??"]
[Round "7"]
[White "Occhipinti, Massimo"]
[Black "Giorni, Moreno"]
[Result "0-1"]
[WhiteElo "1704"]
[BlackElo "1900"]
[PlyCount "106"]
[EventDate "1998.??.??"]

1. e4 Nf6 2. d3 d5 3. Nd2 Bg4 4. Ngf3 e6 5. h3 Bh5 6. g4 Bg6 7. e5 Nfd7 8. Bg2
c5 9. O-O Nc6 10. Re1 Be7 11. Nf1 Qc7 12. Bf4 h5 13. Qd2 hxg4 14. hxg4 O-O-O
15. a3 Nb6 16. c3 Na5 17. Qe2 Nb3 18. Ra2 a5 19. N1d2 a4 20. Nxb3 axb3 21. Raa1
c4 22. Nd4 Bxd3 23. Qd2 Bg6 24. a4 Qd7 25. a5 Na4 26. Rec1 Nc5 27. a6 bxa6 28.
Ra5 Qb7 29. Rca1 Qb6 30. Be3 Kb7 31. f4 Bb1 32. Rxc5 Bxc5 33. Rxb1 a5 34. Qe2
Kc7 35. Qf2 Kd7 36. f5 Rhg8 37. f6 g6 38. Qg3 Rh8 39. Kf1 a4 40. Ke2 Ra8 41.
Rd1 Bxd4 42. Bxd4 Qb5 43. Bxd5 exd5 44. e6+ fxe6 45. Be5 a3 46. bxa3 Rxa3 47.
f7 Rf8 48. Qf3 Ra2+ 49. Ke3 b2 50. Bg7 b1=Q 51. Bxf8 Qb6+ 52. Kf4 Qb8+ 53. Kg5
Qe5+ 0-1

[Event "III Weekend Accademia"]
[Site "Roma ITA"]
[Date "1998.??.??"]
[Round "7"]
[White "Pagano, Sergio M."]
[Black "Corvi, Marco"]
[Result "0-1"]
[WhiteElo "2200"]
[BlackElo "2320"]
[PlyCount "114"]
[EventDate "1998.??.??"]

1. d4 f5 2. g3 Nf6 3. Bg2 g6 4. c4 Bg7 5. Nc3 O-O 6. Nf3 d6 7. O-O Nc6 8. d5
Na5 9. Qd3 c5 10. Ng5 h6 11. Nh3 Ng4 12. f4 e5 13. dxe6 Bxe6 14. Bd5 Qf6 15. e3
Kh7 16. Nf2 Nxf2 17. Rxf2 Rfe8 18. Rb1 Qf7 19. b3 Nc6 20. a3 Rad8 21. Bd2 Rd7
22. Re2 Ne7 23. Rd1 Bxd5 24. cxd5 Ng8 25. e4 Bd4+ 26. Kg2 fxe4 27. Rxe4 Rxe4
28. Qxe4 Re7 29. Qf3 Nf6 30. Nb5 Qxd5 31. Qxd5 Nxd5 32. Nxd6 Re2+ 33. Kh3 Nf6
34. Ba5 b6 35. Re1 Ra2 36. Re7+ Kg8 37. Nf7 bxa5 38. Nxh6+ Kf8 39. Rf7+ Ke8 40.
Rxa7 Rxa3 41. Kh4 Rxb3 42. Rxa5 Kd7 43. f5 gxf5 44. Nxf5 Ke6 45. g4 Ne4 46.
Ra6+ Ke5 47. Ra4 Rb8 48. Kh3 Nd6 49. Ng3 Rb3 50. Kg2 Rb2+ 51. Kh3 Bg1 52. g5
Rxh2+ 53. Kg4 Rg2 54. Kh3 Rh2+ 55. Kg4 Bf2 56. g6 Rg2 57. Ra3 Nf5 0-1

[Event "III Weekend Accademia"]
[Site "Roma ITA"]
[Date "1998.??.??"]
[Round "7"]
[White "Pezzaldi, Roberto"]
[Black "Guarnieri, Giuseppe"]
[Result "1/2-1/2"]
[WhiteElo "2095"]
[BlackElo "1879"]
[PlyCount "107"]
[EventDate "1998.??.??"]

1. c4 e5 2. Nc3 g6 3. Nf3 Nc6 4. d4 exd4 5. Nxd4 Bg7 6. Ncb5 Nxd4 7. Nxd4 b6 8.
e4 Bb7 9. f3 Qh4+ 10. g3 Qe7 11. Qd3 O-O-O 12. Bd2 f5 13. Bg2 fxe4 14. fxe4 Re8
15. O-O-O Bxe4 16. Bxe4 Qxe4 17. Bf4 Qxd3 18. Rxd3 Re4 19. Rhd1 Bh6 20. Bxh6
Nxh6 21. b3 d6 22. Nb5 a6 23. Nc3 Re5 24. Rf3 Rhe8 25. Nd5 Re2 26. Rd2 Re1+ 27.
Rd1 Rxd1+ 28. Kxd1 Kb7 29. Rf4 Nf5 30. Kd2 c6 31. Nf6 Re7 32. g4 Nh6 33. Rf3
Rf7 34. g5 Ng4 35. Kc3 Nxf6 36. Rxf6 Rd7 37. Kd4 a5 38. a3 Kc7 39. b4 axb4 40.
axb4 Re7 41. h4 c5+ 42. bxc5 bxc5+ 43. Kd3 Kc6 44. Rf8 Ra7 45. Rh8 Re7 46. Rd8
Rd7 47. Rf8 d5 48. cxd5+ Kxd5 49. Rc8 Ra7 50. Rh8 Ra3+ 51. Kd2 Ra7 52. Kc3 Rc7
53. Rf8 c4 54. Rf4 1/2-1/2

[Event "III Weekend Accademia"]
[Site "Roma ITA"]
[Date "1998.??.??"]
[Round "7"]
[White "Piacentini, Carlo"]
[Black "De Blasio, Alessandro"]
[Result "1/2-1/2"]
[WhiteElo "1650"]
[BlackElo "1714"]
[PlyCount "94"]
[EventDate "1998.??.??"]

1. d4 d5 2. Nf3 Nf6 3. c4 e6 4. Bg5 c5 5. e3 cxd4 6. Qxd4 Nc6 7. Bxf6 Nxd4 8.
Bxd8 Nxf3+ 9. gxf3 Bb4+ 10. Nd2 Kxd8 11. a3 Be7 12. O-O-O Bh4 13. Ne4 f5 14.
Ng3 Ke7 15. cxd5 Rd8 16. dxe6 Rxd1+ 17. Kxd1 Bxe6 18. Bd3 g6 19. Kc1 Rc8+ 20.
Kd2 Bf6 21. Rc1 Bxb2 22. Rxc8 Bxc8 23. a4 Bd7 24. Bc2 Kd6 25. f4 h5 26. e4 h4
27. e5+ Kc5 28. Nf1 Kb4 29. Ne3 Be6 30. h3 Bd4 31. Kd3 Bxe3 32. fxe3 Bd5 33.
Kd4 Be6 34. e4 b5 35. axb5 Kxb5 36. Bd3+ Kc6 37. exf5 gxf5 38. Bc4 Bc8 39. Bd5+
Kd7 40. Kc5 Ba6 41. Bc4 Bb7 42. Bd3 Ke6 43. Bf1 Kd7 44. Bb5+ Ke6 45. Bc6 Ba6
46. Bg2 Bd3 47. Bb7 Kd7 1/2-1/2

[Event "III Weekend Accademia"]
[Site "Roma ITA"]
[Date "1998.??.??"]
[Round "7"]
[White "Pierangeli, Andrea"]
[Black "De Vita, Igor"]
[Result "0-1"]
[WhiteElo "1810"]
[BlackElo "2125"]
[PlyCount "22"]
[EventDate "1998.??.??"]

1. e4 Nf6 2. Nc3 d5 3. exd5 Nxd5 4. Nxd5 Qxd5 5. Qf3 c6 6. g3 Bf5 7. d3 Na6 8.
a3 e6 9. Bg2 Be7 10. Ne2 Bf6 11. Rb1 Qa2 0-1

[Event "III Weekend Accademia"]
[Site "Roma ITA"]
[Date "1998.??.??"]
[Round "7"]
[White "Quimi, Marco"]
[Black "Vigile, Matteo"]
[Result "1-0"]
[WhiteElo "2225"]
[BlackElo "1774"]
[PlyCount "59"]
[EventDate "1998.??.??"]

1. e4 e5 2. Nf3 Nc6 3. Bb5 Bc5 4. c3 Nf6 5. d4 exd4 6. e5 Nd5 7. O-O O-O 8.
cxd4 Be7 9. Qb3 Nb6 10. d5 a6 11. Bd3 Nb8 12. d6 cxd6 13. exd6 Bxd6 14. Bxh7+
Kh8 15. Be3 Bc7 16. Bc2 d5 17. Qd3 g6 18. Qd4+ f6 19. Qh4+ Kg8 20. Bxg6 Qe7 21.
Bc5 Qg7 22. Qh5 Nc6 23. Re1 Bd7 24. Nc3 Be8 25. Rxe8 Raxe8 26. Bxe8 Ne5 27.
Nxe5 fxe5 28. Bxb6 Bxb6 29. Nxd5 Bd8 30. Rc1 1-0

[Event "III Weekend Accademia"]
[Site "Roma ITA"]
[Date "1998.??.??"]
[Round "7"]
[White "Satta, Vladimiro"]
[Black "Coppini, Giorgio"]
[Result "1-0"]
[WhiteElo "2230"]
[BlackElo "2195"]
[PlyCount "99"]
[EventDate "1998.??.??"]

1. e4 d6 2. d4 Nf6 3. Nc3 g6 4. Nf3 Bg7 5. Be2 O-O 6. O-O c5 7. d5 Na6 8. Re1
Nc7 9. a4 Bd7 10. e5 Nfe8 11. Bf4 Bg4 12. Qd2 dxe5 13. Nxe5 Bxe2 14. Rxe2 Nd6
15. Qe3 Na6 16. Rae1 Nf5 17. Qc1 Nd4 18. Rd2 Nb4 19. Nb5 f6 20. Nf3 Nxd5 21.
Nfxd4 cxd4 22. Rxd4 e5 23. Rdd1 exf4 24. c4 Qa5 25. Rxd5 Qxa4 26. Nd6 Qb4 27.
Re7 Rab8 28. h4 f5 29. Qxf4 Qxb2 30. Qe3 Qa1+ 31. Kh2 Qf6 32. Ne8 Qxh4+ 33. Kg1
Qxe7 34. Qxe7 Rfxe8 35. Qb4 Bf8 36. Qd2 Re7 37. Rd7 Kf7 38. Qd5+ Ke8 39. Rxe7+
Bxe7 40. Qg8+ Bf8 41. Qxh7 Kd8 42. Qxg6 b6 43. Qxf5 Bc5 44. g4 a5 45. g5 Kc7
46. Qf7+ Kc6 47. g6 Rf8 48. Qd5+ Kc7 49. g7 Rxf2 50. Qxc5+ 1-0

[Event "III Weekend Accademia"]
[Site "Roma ITA"]
[Date "1998.??.??"]
[Round "7"]
[White "Sibilio, Mario"]
[Black "Verrascina, Roberto"]
[Result "1-0"]
[WhiteElo "2330"]
[BlackElo "2225"]
[PlyCount "101"]
[EventDate "1998.??.??"]

1. Nf3 d5 2. g3 c6 3. Bg2 Bg4 4. c4 Bxf3 5. Bxf3 e6 6. Qb3 Qb6 7. d4 dxc4 8.
Qxc4 Nf6 9. O-O Be7 10. b3 O-O 11. Bb2 Nbd7 12. Nd2 a5 13. a3 Rfd8 14. Rfd1
Rac8 15. Rac1 c5 16. e3 cxd4 17. Qxc8 Rxc8 18. Rxc8+ Nf8 19. Bxd4 Qb5 20. Rc7
Bxa3 21. Rxb7 Qd3 22. Nc4 Qf5 23. Ne5 h5 24. e4 Nxe4 25. Rxf7 Nf6 26. Re1 Bd6
27. Be4 Qh3 28. Nf3 e5 29. Bxe5 Bxe5 30. Nxe5 N8d7 31. Bd5 Nxd5 32. Rxd7 Nf6
33. Rd8+ Kh7 34. Re3 Qf5 35. Rd4 Qc2 36. h3 Qc5 37. Nf3 Qc1+ 38. Kg2 Qc6 39.
Re5 Qb6 40. Ra4 Qxb3 41. Raxa5 Qb7 42. Rf5 Qc6 43. Ra7 Kh6 44. Rfa5 Qc2 45.
R7a6 Qc4 46. Ra4 Qe2 47. g4 hxg4 48. hxg4 Kh7 49. Kg3 Ne4+ 50. Rxe4 Qxa6 51.
Ng5+ 1-0

[Event "III Weekend Accademia"]
[Site "Roma ITA"]
[Date "1998.??.??"]
[Round "7"]
[White "Simeone, Giulio"]
[Black "De Vita, Gianni"]
[Result "0-1"]
[WhiteElo "1717"]
[BlackElo "2160"]
[PlyCount "72"]
[EventDate "1998.??.??"]

1. c4 e5 2. Nc3 Nc6 3. Nf3 Nf6 4. e3 d6 5. d4 exd4 6. exd4 Bg4 7. Be2 Be7 8. d5
Bxf3 9. Bxf3 Ne5 10. Be2 O-O 11. O-O Nfd7 12. f4 Ng6 13. Be3 Bf6 14. Bd4 Re8
15. Qd2 Bxd4+ 16. Qxd4 Qf6 17. Qxf6 Nxf6 18. Rae1 Nf8 19. Bf3 a6 20. Kf2 N8d7
21. Rxe8+ Rxe8 22. Re1 Rxe1 23. Kxe1 Kf8 24. Ne4 Nxe4 25. Bxe4 Ke7 26. Ke2 h6
27. b4 g6 28. Bd3 f5 29. g4 fxg4 30. Bxg6 Kf6 31. Bd3 h5 32. Ke3 Nb6 33. Ke4
Nc8 34. c5 Ne7 35. a3 Nf5 36. a4 h4 0-1

[Event "III Weekend Accademia"]
[Site "Roma ITA"]
[Date "1998.??.??"]
[Round "7"]
[White "Terreni, Fabio"]
[Black "Spano' Cuomo, Gaetano"]
[Result "1-0"]
[WhiteElo "1708"]
[BlackElo "1866"]
[PlyCount "128"]
[EventDate "1998.??.??"]

1. e4 e5 2. Nf3 Nc6 3. Bb5 a6 4. Bxc6 dxc6 5. h3 Bd6 6. d3 Ne7 7. Nc3 f6 8. Be3
Be6 9. a3 Ng6 10. g3 Qd7 11. Ng1 h5 12. h4 O-O-O 13. Qd2 c5 14. O-O-O c4 15. f4
Ne7 16. f5 Bf7 17. Nf3 cxd3 18. Qxd3 Qc6 19. Nb1 Bb4 20. Qe2 Qxe4 21. axb4 Nxf5
22. Rhe1 Rxd1+ 23. Kxd1 Rd8+ 24. Kc1 Nxg3 25. Qf2 Bg6 26. Nxe5 fxe5 27. Bg5 Nh1
28. Nc3 Qc6 29. Qh2 Re8 30. Qxh1 e4 31. Qh3+ Kb8 32. Qe3 b6 33. Rd1 Rf8 34.
Rd8+ Rxd8 35. Bxd8 Qd6 36. Bg5 Qxb4 37. Bf4 Kb7 38. Nd5 Qa5 39. Qc3 Qxc3 40.
Nxc3 b5 41. Be5 c5 42. Bxg7 Kc6 43. Ne2 a5 44. Nf4 Bf7 45. Kd2 a4 46. Ke3 b4
47. Kxe4 Kb5 48. Kd3 Bc4+ 49. Kd2 Bf7 50. Bf8 Be8 51. Nd3 a3 52. bxa3 bxa3 53.
Bxc5 a2 54. Bd4 Kc4 55. Ba1 Bb5 56. Nc1 Kd5 57. Nxa2 Ke6 58. Ke3 Kf5 59. Nb4
Kg4 60. Bf6 Kf5 61. Bg5 Ke5 62. c3 Bf1 63. Nd3+ Kd5 64. Nf4+ Kc5 1-0

[Event "III Weekend Accademia"]
[Site "Roma ITA"]
[Date "1998.??.??"]
[Round "7"]
[White "Tosoni, Augusto"]
[Black "Vignato, Giovanni"]
[Result "0-1"]
[WhiteElo "1948"]
[BlackElo "2150"]
[PlyCount "80"]
[EventDate "1998.??.??"]

1. e4 c6 2. d4 d5 3. Nc3 dxe4 4. Nxe4 Bf5 5. Bd3 e6 6. Nf3 Nf6 7. Nxf6+ Qxf6 8.
Bg5 Qg6 9. Bxf5 Qxf5 10. Qd2 Bd6 11. O-O-O h6 12. Be3 Nd7 13. Ne5 Bxe5 14. dxe5
O-O-O 15. Qa5 a6 16. f4 Qe4 17. Rhe1 Qc4 18. a4 Qa2 19. Rd6 Nf6 20. Red1 Qa1+
21. Kd2 Qxb2 22. Ke1 Nd5 23. Rd2 Qa1+ 24. Kf2 Qc3 25. R6xd5 Qxa5 26. Rxa5 Rxd2+
27. Bxd2 b6 28. Rxa6 Kb7 29. Rxb6+ Kxb6 30. Bb4 c5 31. Bd2 Ra8 32. a5+ Kb5 33.
g4 Kc4 34. Ke3 Rb8 35. h4 Rb2 36. f5 Rxc2 37. a6 Ra2 38. g5 hxg5 39. hxg5 exf5
40. g6 fxg6 0-1

[Event "III Weekend Accademia"]
[Site "Roma ITA"]
[Date "1998.??.??"]
[Round "7"]
[White "Turturici, Pellegrino"]
[Black "Spaziani, Gianni"]
[Result "1-0"]
[WhiteElo "1743"]
[BlackElo "1689"]
[PlyCount "71"]
[EventDate "1998.??.??"]

1. e4 e6 2. d4 d5 3. Nc3 Nf6 4. e5 Nfd7 5. f4 Nb6 6. Nf3 Be7 7. Ne2 c5 8. dxc5
Bxc5 9. c3 Nc6 10. a3 a5 11. b3 O-O 12. Ned4 Nxd4 13. cxd4 Be7 14. Bd3 f5 15.
exf6 Bxf6 16. a4 Be7 17. O-O Bd7 18. Qe2 Rc8 19. Bd2 Bb4 20. Bxb4 axb4 21. Ng5
g6 22. Nxe6 Bxe6 23. Qxe6+ Rf7 24. f5 Rc6 25. Qe5 Re7 26. Qg3 Qc7 27. fxg6 hxg6
28. Qg5 Rg7 29. Rae1 Qb8 30. Bb5 Rc8 31. Rf6 Qc7 32. Rxg6 Qf7 33. Be8 Qf8 34.
Rf1 Rxg6 35. Rxf8+ Kxf8 36. Bxg6 1-0

[Event "III Weekend Accademia"]
[Site "Roma ITA"]
[Date "1998.??.??"]
[Round "7"]
[White "Verrascina, Nicola"]
[Black "Passerotti, Pierluigi"]
[Result "0-1"]
[WhiteElo "2145"]
[BlackElo "2305"]
[PlyCount "74"]
[EventDate "1998.??.??"]

1. d4 Nf6 2. Bg5 Ne4 3. Bf4 d5 4. f3 Nf6 5. e4 e6 6. Bg5 c5 7. Nc3 dxe4 8. fxe4
cxd4 9. Bb5+ Nc6 10. e5 h6 11. Bh4 g5 12. Bf2 dxc3 13. Qxd8+ Kxd8 14. exf6 cxb2
15. Rd1+ Kc7 16. Ne2 e5 17. O-O Be6 18. Nc3 Bb4 19. Na4 Bxa2 20. Nxb2 Rhd8 21.
Nd3 Bc3 22. Bg3 Rd5 23. Ba4 b5 24. Nc1 Rxd1 25. Rxd1 Bc4 26. Bb3 Rd8 27. Nd3
Bxb3 28. cxb3 Kb6 29. Bf2+ Ka5 30. Bc5 e4 31. b4+ Ka6 32. Nf2 Rxd1+ 33. Nxd1
Bxb4 34. Bxb4 Nxb4 35. Nf2 e3 36. Ng4 Nd5 37. Nxh6 b4 0-1

[Event "III Weekend Accademia"]
[Site "Roma ITA"]
[Date "1998.??.??"]
[Round "8"]
[White "Barletta, Antonio"]
[Black "Tosoni, Augusto"]
[Result "0-1"]
[WhiteElo "1866"]
[BlackElo "1948"]
[PlyCount "48"]
[EventDate "1998.??.??"]

1. e4 c5 2. Nf3 d6 3. d4 cxd4 4. Nxd4 Nf6 5. Nc3 g6 6. Be3 Bg7 7. f3 Nc6 8. Qd2
O-O 9. O-O-O d5 10. exd5 Nxd5 11. Nxd5 Qxd5 12. Nxc6 Qxc6 13. Qd5 Qf6 14. Qd4
Qe6 15. Qc5 b6 16. Qa3 Bb7 17. Qb3 Qc6 18. Bd3 Qc7 19. h4 Rfd8 20. Bc4 e6 21.
h5 Rxd1+ 22. Rxd1 Rc8 23. Bb5 Bd5 24. Qa3 Qxc2# 0-1

[Event "III Weekend Accademia"]
[Site "Roma ITA"]
[Date "1998.??.??"]
[Round "8"]
[White "Campagna, Maurizio"]
[Black "Spaziani, Gianni"]
[Result "1-0"]
[WhiteElo "1723"]
[BlackElo "1689"]
[PlyCount "69"]
[EventDate "1998.??.??"]

1. d4 g6 2. c4 e6 3. b3 Bg7 4. e3 Nf6 5. Bb2 d5 6. Nf3 O-O 7. Be2 Nbd7 8. Nbd2
b6 9. Rc1 Bb7 10. O-O Rc8 11. c5 c6 12. b4 Nh5 13. Ne1 Nhf6 14. f4 Ne8 15. a4
bxc5 16. bxc5 Rb8 17. Bc3 Qc8 18. e4 f5 19. e5 Nc7 20. Nd3 Kh8 21. Rf3 Rg8 22.
Rh3 Bf8 23. Nf3 Be7 24. Ng5 Nf8 25. Nf7+ Kg7 26. Nd6 Bxd6 27. exd6 Ne8 28. Qe1
Qd8 29. Ba5 Qf6 30. Ne5 Ba8 31. Qd1 Kh8 32. d7 Ng7 33. Bc7 Rd8 34. Bxd8 Qxd8
35. Nf7# 1-0

[Event "III Weekend Accademia"]
[Site "Roma ITA"]
[Date "1998.??.??"]
[Round "8"]
[White "Chiaretti, Roberto"]
[Black "Teodorescu, Florin Cornel"]
[Result "1-0"]
[WhiteElo "2180"]
[BlackElo "2235"]
[PlyCount "71"]
[EventDate "1998.??.??"]

1. e4 e5 2. Nf3 Nc6 3. Bb5 a6 4. Ba4 Nf6 5. O-O Be7 6. Re1 b5 7. Bb3 d6 8. c3
O-O 9. h3 Na5 10. Bc2 c5 11. d4 Qc7 12. Nbd2 Bd7 13. Nf1 cxd4 14. cxd4 Nc6 15.
Be3 exd4 16. Nxd4 Rfc8 17. Rc1 Qb8 18. Ng3 Ne5 19. Ndf5 Bf8 20. Bd4 Be6 21. f4
Ned7 22. b3 Ne8 23. Ne3 f6 24. Kh1 Rd8 25. Bd3 g6 26. Be2 Bf7 27. Qd2 Bh6 28.
Rf1 Nc5 29. Qb2 Ne6 30. Nd5 Nxd4 31. Qxd4 Qa7 32. Nxf6+ Nxf6 33. Qxf6 Bg7 34.
Qh4 Rac8 35. Bg4 Rxc1 36. Qxd8+ 1-0

[Event "III Weekend Accademia"]
[Site "Roma ITA"]
[Date "1998.??.??"]
[Round "8"]
[White "Ciampi, Vincenzo"]
[Black "Verrascina, Nicola"]
[Result "1-0"]
[WhiteElo "2155"]
[BlackElo "2145"]
[PlyCount "49"]
[EventDate "1998.??.??"]

1. e4 Nc6 2. Nf3 Nf6 3. e5 Nd5 4. d4 d6 5. c4 Nb6 6. exd6 cxd6 7. Nc3 Bg4 8.
Be3 g6 9. h3 Bxf3 10. Qxf3 Bg7 11. Rd1 O-O 12. Be2 Qe8 13. O-O e5 14. dxe5 Nxe5
15. Qxb7 Nexc4 16. Bd4 Nxb2 17. Rd2 N2c4 18. Bxc4 Nxc4 19. Bxg7 Nxd2 20. Bxf8
Nxf1 21. Bh6 Rb8 22. Qxa7 Rc8 23. Nd5 Qe1 24. Ne7+ Kh8 25. Qd4+ 1-0

[Event "III Weekend Accademia"]
[Site "Roma ITA"]
[Date "1998.??.??"]
[Round "8"]
[White "De Blasio, Alessandro"]
[Black "Occhipinti, Massimo"]
[Result "1/2-1/2"]
[WhiteElo "1714"]
[BlackElo "1704"]
[PlyCount "91"]
[EventDate "1998.??.??"]

1. e4 c5 2. Nf3 d6 3. d4 cxd4 4. Nxd4 Nf6 5. Nc3 a6 6. Bg5 e6 7. f4 Qb6 8. Qd2
Qxb2 9. Rb1 Qa3 10. f5 Be7 11. fxe6 fxe6 12. Bc4 d5 13. exd5 Qc5 14. Be2 O-O
15. dxe6 Nc6 16. Be3 Nxd4 17. Bxd4 Qf5 18. Qe3 Ng4 19. Qf3 Qxe6 20. Qd5 Bd6 21.
Qxe6+ Bxe6 22. Rxb7 Rf4 23. Rxg7+ Kf8 24. Rf1 Rxf1+ 25. Bxf1 Ne3 26. Bd3 Nf5
27. Bxf5 Bxf5 28. Ra7 Rxa7 29. Bxa7 Bxc2 30. g3 Bb4 31. Bd4 Kf7 32. Kf2 Ke6 33.
Kf3 a5 34. Nb5 Kd5 35. Ke3 Kc4 36. Na7 Bb1 37. Nc6 Bxa2 38. Nxb4 axb4 39. g4
Bb1 40. g5 Bg6 41. h4 Kb3 42. Kf4 Kc2 43. Kg4 b3 44. h5 Bd3 45. g6 Bxg6 46.
hxg6 1/2-1/2

[Event "III Weekend Accademia"]
[Site "Roma ITA"]
[Date "1998.??.??"]
[Round "8"]
[White "De Vita, Gianni"]
[Black "De Vita, Igor"]
[Result "0-1"]
[WhiteElo "2160"]
[BlackElo "2125"]
[PlyCount "104"]
[EventDate "1998.??.??"]

1. e4 Nf6 2. e5 Nd5 3. Nf3 d6 4. d4 Bg4 5. exd6 exd6 6. Be2 Be7 7. O-O O-O 8.
Nbd2 Nf4 9. Ne4 Nxe2+ 10. Qxe2 d5 11. Ng3 Bf6 12. c3 Re8 13. Qd3 g6 14. Bf4 Nc6
15. Rfe1 Qd7 16. Ne5 Nxe5 17. Bxe5 Bg5 18. h3 Be6 19. Nh5 Qe7 20. Ng7 Rf8 21.
Nxe6 fxe6 22. Re2 Rae8 23. Rae1 Rf5 24. Qb5 c6 25. Qa4 a6 26. c4 Qf7 27. c5 Bh4
28. Qc2 Bf6 29. Qd3 Bxe5 30. dxe5 Rf8 31. f3 Rf4 32. a3 Qf5 33. Qxf5 R8xf5 34.
Rc2 Ra4 35. Re3 Ra5 36. b4 Rb5 37. Rb2 a5 38. g3 Rf8 39. f4 Ra8 40. Kf2 axb4
41. axb4 b6 42. Rc3 Ra6 43. Rbc2 Rxb4 44. cxb6 Rbxb6 45. Rc5 Kf8 46. Kf3 Ke7
47. Kg4 Kf7 48. R2c3 h6 49. h4 h5+ 50. Kg5 Kg7 51. f5 exf5 52. e6 Ra4 0-1

[Event "III Weekend Accademia"]
[Site "Roma ITA"]
[Date "1998.??.??"]
[Round "8"]
[White "Gardon, Ermanno"]
[Black "Pierangeli, Andrea"]
[Result "1-0"]
[WhiteElo "1818"]
[BlackElo "1810"]
[PlyCount "127"]
[EventDate "1998.??.??"]

1. e4 c5 2. Nf3 d6 3. d4 cxd4 4. Nxd4 Nf6 5. Nc3 a6 6. f4 e6 7. Bd3 Nc6 8. Nf3
Be7 9. O-O Qc7 10. Qe1 Bd7 11. Kh1 O-O-O 12. Be3 Be8 13. Na4 Nd7 14. Qf2 Kb8
15. Nb6 Nc5 16. Nc4 Rc8 17. e5 Nd7 18. exd6 Bxd6 19. Nxd6 Qxd6 20. Rfd1 Qc7 21.
Qd2 f6 22. b4 Nb6 23. a4 Nd5 24. b5 Ncb4 25. bxa6 Nxd3 26. cxd3 b6 27. Nd4 Bd7
28. a5 bxa5 29. Rdc1 Qd6 30. Qb2+ Qb4 31. Qa2 Rxc1+ 32. Rxc1 Ka8 33. Rb1 Qc3
34. Bg1 Rb8 35. f5 Rxb1 36. Qxb1 Qb4 37. fxe6 Bc8 38. Qa2 Ne7 39. Qf2 Bxa6 40.
Nb5 Nc6 41. Nc7+ Kb7 42. Nd5 Qb5 43. e7 Nxe7 44. Qa7+ Kc6 45. Nxe7+ Kd6 46.
Nf5+ Qxf5 47. Qxa6+ Ke7 48. Qb7+ Kd6 49. Qxg7 a4 50. Qf8+ Kd7 51. Qa8 Qb5 52.
Qa7+ Ke8 53. Qxh7 a3 54. Qe4+ Qe5 55. Qa8+ Kf7 56. Qxa3 Qd5 57. Qa7+ Kg6 58.
Qd4 Qa2 59. Qe4+ Kg7 60. d4 Qa7 61. d5 Qd7 62. Qe6 Qd8 63. d6 Kf8 64. Bc5 1-0

[Event "III Weekend Accademia"]
[Site "Roma ITA"]
[Date "1998.??.??"]
[Round "8"]
[White "Giorni, Moreno"]
[Black "Simeone, Giulio"]
[Result "1-0"]
[WhiteElo "1900"]
[BlackElo "1717"]
[PlyCount "123"]
[EventDate "1998.??.??"]

1. e4 c6 2. d4 d5 3. f3 e6 4. Nc3 Nf6 5. Be3 Qa5 6. Bd3 c5 7. dxc5 Bxc5 8. Bb5+
Bd7 9. Bxc5 Bxb5 10. b4 Qa6 11. exd5 Nbd7 12. Be3 O-O 13. dxe6 Qxe6 14. Nxb5
Qxe3+ 15. Qe2 Qb6 16. O-O-O a6 17. Nd6 Qxb4 18. Qc4 Qa3+ 19. Kb1 Rad8 20. Qb3
Qxb3+ 21. axb3 Nc5 22. Ne2 Rd7 23. Nc3 Rfd8 24. Nc4 b5 25. Ne5 Rxd1+ 26. Rxd1
Re8 27. Nc6 Kf8 28. b4 Ne6 29. Nd5 Nxd5 30. Rxd5 Nf4 31. Rd2 Rc8 32. Ne5 f6 33.
Nd7+ Kf7 34. Nc5 a5 35. Nb7 Rc7 36. Nxa5 Ke6 37. Nb3 Nd5 38. Nd4+ Ke5 39. Nxb5
Rb7 40. Re2+ Kf4 41. Re4+ Kg5 42. Rg4+ Kh5 43. Nd6 Rxb4+ 44. Rxb4 Nxb4 45. Kb2
Kg6 46. Kc3 Nc6 47. Kc4 f5 48. Kc5 Ne7 49. c4 Kf6 50. Ne8+ Kf7 51. Nc7 Nc8 52.
Kc6 Ke7 53. c5 g5 54. Nb5 Ke6 55. Kb7 Kd7 56. c6+ Kd8 57. c7+ Kd7 58. Nd4 Nd6+
59. Kb8 g4 60. Nxf5 Nc8 61. Nh6 Nd6 62. Nf7 1-0

[Event "III Weekend Accademia"]
[Site "Roma ITA"]
[Date "1998.??.??"]
[Round "8"]
[White "Guarnieri, Giuseppe"]
[Black "Farina, Saverio"]
[Result "0-1"]
[WhiteElo "1879"]
[BlackElo "2200"]
[PlyCount "98"]
[EventDate "1998.??.??"]

1. d4 d5 2. f4 c5 3. e3 Nc6 4. Nf3 Bg4 5. c3 e6 6. Bd3 Nf6 7. Nbd2 Bd6 8. O-O
cxd4 9. cxd4 O-O 10. a3 Rc8 11. b4 Ne7 12. h3 Bf5 13. Bxf5 Nxf5 14. Re1 Qc7 15.
g4 Ng3 16. Kg2 Nge4 17. Nxe4 Nxe4 18. Nd2 Qc2 19. Kf3 Nxd2+ 20. Bxd2 Qe4+ 21.
Kf2 Rc2 22. Qe2 Bxf4 23. Rac1 Rxc1 24. Rxc1 Bb8 25. b5 e5 26. dxe5 Qxe5 27. Qf3
Bd6 28. Bc3 Qh2+ 29. Qg2 Qxg2+ 30. Kxg2 Rc8 31. Bb2 Rxc1 32. Bxc1 f6 33. a4 Kf7
34. Kf3 Ke6 35. Bb2 Be5 36. Ba3 Bd6 37. Bb2 g6 38. Bd4 a6 39. Bc3 Be5 40. Bb4
Bd6 41. Bc3 Be5 42. Bb4 f5 43. Bc5 fxg4+ 44. Kxg4 Bf6 45. Bd4 h5+ 46. Kf4 g5+
47. Kf3 Bxd4 48. exd4 axb5 49. axb5 Kd6 0-1

[Event "III Weekend Accademia"]
[Site "Roma ITA"]
[Date "1998.??.??"]
[Round "8"]
[White "Lagumina, Giulio"]
[Black "Satta, Vladimiro"]
[Result "1/2-1/2"]
[WhiteElo "2275"]
[BlackElo "2230"]
[PlyCount "29"]
[EventDate "1998.??.??"]

1. d4 d6 2. e4 Nf6 3. Nc3 g6 4. f4 Bg7 5. Nf3 O-O 6. Be2 c5 7. dxc5 Qa5 8. O-O
Qxc5+ 9. Kh1 Nbd7 10. Bd3 a6 11. a4 b6 12. Qe1 e6 13. Be3 Qc7 14. Qh4 Bb7 15.
f5 1/2-1/2

[Event "III Weekend Accademia"]
[Site "Roma ITA"]
[Date "1998.??.??"]
[Round "8"]
[White "Moroni, Marco"]
[Black "Iatrino, Vincenzo"]
[Result "0-1"]
[WhiteElo "1731"]
[BlackElo "1740"]
[PlyCount "108"]
[EventDate "1998.??.??"]

1. e4 c5 2. Nf3 Nc6 3. c3 d5 4. exd5 Qxd5 5. d4 e6 6. Nbd2 Nf6 7. Bc4 Qd8 8.
O-O cxd4 9. cxd4 Nxd4 10. Nxd4 Qxd4 11. Bb5+ Bd7 12. Qb3 Qb4 13. Bxd7+ Nxd7 14.
Qf3 Be7 15. Nb3 O-O 16. Bd2 Qb6 17. Bc3 Bf6 18. Rad1 Qc7 19. Rc1 Bxc3 20. Rxc3
Qb6 21. Rfc1 Ne5 22. Qe4 Nc6 23. Rg3 Rac8 24. Rgc3 Ne7 25. Rxc8 Rxc8 26. Rxc8+
Nxc8 27. Qa4 Qd8 28. h3 b6 29. Nd4 Kf8 30. Nc6 Qd7 31. Qa3+ Ke8 32. Qf3 Qd5 33.
Qxd5 exd5 34. Nd4 Ke7 35. Kf1 g6 36. Ke2 Kd6 37. Kd3 a6 38. a4 Ne7 39. Nf3 h6
40. g4 Nc6 41. Kc3 Kc5 42. Nd2 d4+ 43. Kd3 Kb4 44. b3 Na5 45. Kc2 d3+ 46. Kb2
f5 47. f4 b5 48. axb5 axb5 49. Nf3 Nxb3 50. Ne5 Nc5 51. Nxg6 Na4+ 52. Kb1 Kc3
53. Ne7 d2 54. Nd5+ Kd3 0-1

[Event "III Weekend Accademia"]
[Site "Roma ITA"]
[Date "1998.??.??"]
[Round "8"]
[White "Palamides, Carmine"]
[Black "Trebeschi, Andrea"]
[Result "0-1"]
[WhiteElo "1800"]
[BlackElo "1759"]
[PlyCount "116"]
[EventDate "1998.??.??"]

1. e4 d6 2. d4 Nf6 3. Bc4 g6 4. Nc3 Bg7 5. Nge2 O-O 6. Ng3 e5 7. d5 Nbd7 8. h4
h6 9. h5 g5 10. Nf5 Nc5 11. Nxg7 Kxg7 12. f3 a5 13. Be3 b6 14. Qd2 Nfd7 15. Ne2
f5 16. exf5 Rxf5 17. Ng3 Rf7 18. Bd3 Nxd3+ 19. Qxd3 Qf6 20. O-O-O Ba6 21. Qd2
Qe7 22. c4 Bc8 23. Qc2 Qf6 24. Ne4 Qf5 25. Rdf1 Nc5 26. g4 Qh7 27. Nxc5 Qxc2+
28. Kxc2 bxc5 29. a4 Bd7 30. b3 Raf8 31. Bd2 Ra8 32. Kd3 c6 33. Ke4 Ra6 34. Rd1
cxd5+ 35. cxd5 Rb6 36. Rb1 Ra6 37. Rhc1 Be8 38. Rc3 Rb7 39. Re1 Bf7 40. Rd3 Bg8
41. Ke3 Bh7 42. Rc3 Rb4 43. Kf2 Rd4 44. Ke3 Rxd5 45. Ke2 Rd4 46. Be3 Rb4 47.
Rd1 Rbb6 48. Bxc5 dxc5 49. Rxc5 Kf6 50. Rd8 Rb7 51. Rf8+ Rf7 52. Rxf7+ Kxf7 53.
Rxe5 Re6 54. Rxe6 Kxe6 55. Kd2 Ke5 56. Ke3 Bc2 57. f4+ gxf4+ 58. Kf3 Bxb3 0-1

[Event "III Weekend Accademia"]
[Site "Roma ITA"]
[Date "1998.??.??"]
[Round "8"]
[White "Pezzaldi, Roberto"]
[Black "Mastroddi, Emiliano"]
[Result "1/2-1/2"]
[WhiteElo "2095"]
[BlackElo "1780"]
[PlyCount "44"]
[EventDate "1998.??.??"]

1. c4 Nf6 2. Nf3 g6 3. b4 Bg7 4. Bb2 O-O 5. g3 c6 6. Bg2 Qb6 7. Qb3 Ng4 8. c5
Qc7 9. Bxg7 Kxg7 10. Qb2+ Nf6 11. Nc3 Kg8 12. O-O d5 13. cxd6 Qxd6 14. d4 Nd5
15. Nxd5 cxd5 16. a4 Nd7 17. b5 Nf6 18. Rfc1 Bd7 19. Ne5 Rfc8 20. Rxc8+ Rxc8
21. Nxd7 Qxd7 22. Rc1 e6 1/2-1/2